LEADER 03222nam 2200601 450 001 9910464575003321 005 20200520144314.0 010 $a1-4438-5775-0 035 $a(CKB)3710000000093650 035 $a(EBL)1656468 035 $a(SSID)ssj0001211925 035 $a(PQKBManifestationID)11659034 035 $a(PQKBTitleCode)TC0001211925 035 $a(PQKBWorkID)11207192 035 $a(PQKB)10061530 035 $a(MiAaPQ)EBC1656468 035 $a(Au-PeEL)EBL1656468 035 $a(CaPaEBR)ebr10850065 035 $a(CaONFJC)MIL586210 035 $a(OCoLC)875097210 035 $a(EXLCZ)993710000000093650 100 $a20140331h20142014 uy 0 101 0 $aeng 135 $aur|n|---||||| 181 $ctxt 182 $cc 183 $acr 200 00$aFeminist challenges or feminist rhetorics? $elocations, scholarship, discourse /$fedited by Kirsti Cole 210 1$aNewcastle upon Tyne, [England] :$cCambridge Scholars Publishing,$d2014. 210 4$dİ2014 215 $a1 online resource (385 p.) 300 $aDescription based upon print version of record. 311 $a1-4438-5501-4 320 $aIncludes bibliographical references and index. 327 $aTABLE OF CONTENTS; LIST OF ILLUSTRATIONS; PREFACE; INTRODUCTION; PART I; CATHERINE LIVINGSTON GARRETTSONAND INTEGRATED MALE-FEMALE SPHERESIN THE EARLY AMERICAN REPUBLIC; SITES OF WRITING; "COME SIT AT THE TABLE WITH US"; MAKING SPACE FOR WRITING; "MADNESS" AS A RHETORICAL TOOL; PART II; WHEN FREE SPEECH COURTS COMPASSION; WHEN WOMEN KILL NEWBORNS; POLITICS OF CARE AND EMOTIONAT CAMP CASEY; RHETORIC OF RIOT; IF NOT A MOTHER AND NOT A MAID,THENWHAT?HOW FEMINIST PEDAGOGYWORKS(OR DOESN'T) FOR FIRST-YEARTEACHING ASSISTANTS; "THAT'S A BLONDE REMARK"; INTERSPACES; FEMINISM AND ZINES; PART III 327 $aREWORKING LANDSCAPESECHO AS VENTRILOQUIST; OPEN UP THE NET(WORK); RECONTEXTUALIZING FEMINIST RHETORIC; PART IV; UNVEILING THE VIOLENCE OF HARMONY; FEMINIST-INDIGENOUS RHETORICSOF SURVIVANCE AND DISCURSIVE SPACESIN S. ALICE CALLAHAN'SWYNEMA: A CHILD OF THE FOREST; RESISTING AUTHORITATIVE DISCOURSE; TOWARD A CHICANA FEMINISTBODY POLITICS; CULTURAL RHETORIC OF THE SARI; BIBLIOGRAPHY; CONTRIBUTORS; INDEX 330 $aThe chapters collected in this book generate discussion about the intersections of feminisms and rhetorics, as well as the ways in which those intersections are productive. This collection focuses on the locations of feminist rhetorics, the various discourses that invoke ""feminism"" or ""feminist,"" and the scholarship that provokes, challenges, and deliberates issues of key concern. In focusing on challenge and location, this collection acknowledges the academic and socio-discursive spaces that... 606 $aFeminism 606 $aRhetorics 606 $aWomen$xPolitical activity 608 $aElectronic books. 615 0$aFeminism. 615 0$aRhetorics. 615 0$aWomen$xPolitical activity. 676 $a305.42 702 $aCole$b Kirsti 801 0$bMiAaPQ 801 1$bMiAaPQ 801 2$bMiAaPQ 906 $aBOOK 912 $a9910464575003321 996 $aFeminist challenges or feminist rhetorics$91998176 997 $aUNINA LEADER 02436nam 2200613Ia 450 001 9910457784003321 005 20200520144314.0 010 $a1-283-30279-9 010 $a9786613302793 010 $a0-262-29856-2 024 3 $a9780262298568 035 $a(CKB)2550000000056772 035 $a(SSID)ssj0000537902 035 $a(PQKBManifestationID)11314659 035 $a(PQKBTitleCode)TC0000537902 035 $a(PQKBWorkID)10556881 035 $a(PQKB)11214383 035 $a(MiAaPQ)EBC3339300 035 $a(OCoLC)756496910$z(OCoLC)778616591$z(OCoLC)816867506$z(OCoLC)857960900$z(OCoLC)872683405$z(OCoLC)939263765$z(OCoLC)961492283$z(OCoLC)962646590$z(OCoLC)966231772$z(OCoLC)988487663$z(OCoLC)990530322$z(OCoLC)992053864$z(OCoLC)1037940685$z(OCoLC)1038595063$z(OCoLC)1055388258$z(OCoLC)1058893998$z(OCoLC)1065903792$z(OCoLC)1076580847$z(OCoLC)1079930687$z(OCoLC)1081266787$z(OCoLC)1083598446 035 $a(OCoLC-P)756496910 035 $a(MaCbMITP)8830 035 $a(Au-PeEL)EBL3339300 035 $a(CaPaEBR)ebr10502103 035 $a(CaONFJC)MIL330279 035 $a(OCoLC)939263765 035 $a(EXLCZ)992550000000056772 100 $a20110211d2011 uy 0 101 0 $aeng 135 $aurcn||||||||| 181 $ctxt 182 $cc 183 $acr 200 10$aInfectious behavior$b[electronic resource] $ebrain-immune connections in autism, schizophrenia, and depression /$fPaul H. Patterson 210 $aCambridge, MA $cMIT Press$dc2011 215 $axiv, 162 p. $cill. (some col.) 300 $aBibliographic Level Mode of Issuance: Monograph 311 $a0-262-52534-8 311 $a0-262-01645-1 320 $aIncludes bibliographical references and index. 330 $aStudies the possible interplay between the brain, immune system, and mental illnesses; how the discrepancies in the immune system can affect pregnant women and their fetuses; and the pros and cons of child vaccinations. 606 $aMental illness$xImmunological aspects 606 $aPsychology, Pathological 608 $aElectronic books. 615 0$aMental illness$xImmunological aspects. 615 0$aPsychology, Pathological. 676 $a616.89/071 700 $aPatterson$b Paul H$0994187 801 0$bMiAaPQ 801 1$bMiAaPQ 801 2$bMiAaPQ 906 $aBOOK 912 $a9910457784003321 996 $aInfectious behavior$92276905 997 $aUNINA